The teachings of the King. (Record no. 12264)

000 -LEADER
fixed length control field 00621nam a2200193 a 4500
001 - CONTROL NUMBER
control field :::00010066$&:&@@
003 - CONTROL NUMBER IDENTIFIER
control field OkBaRHE
005 - DATE AND TIME OF LATEST TRANSACTION
control field 20000607103355.0
008 - FIXED-LENGTH DATA ELEMENTS--GENERAL INFORMATION
fixed length control field j 000 0 eng u
040 ## - CATALOGING SOURCE
Transcribing agency
100 1# - MAIN ENTRY--PERSONAL NAME
Personal name Belden, Albert David, 1833- ,
245 14 - TITLE STATEMENT
Title The teachings of the King.
260 ## - PUBLICATION, DISTRIBUTION, ETC. (IMPRINT)
Place of publication, distribution, etc London, UK:EN., :
Name of publisher, distributor, etc The National Sunday School Union
Date of publication, distribution, etc nd
300 ## - PHYSICAL DESCRIPTION
Extent 116 p. ;
Dimensions 19 cm.
650 ## - SUBJECT ADDED ENTRY--TOPICAL TERM
Topical term or geographic name as entry element Bible New Testament
General subdivision Children's Sermons
650 ## - SUBJECT ADDED ENTRY--TOPICAL TERM
Topical term or geographic name as entry element Children's Sermons
942 ## - ADDED ENTRY ELEMENTS (KOHA)
Source of classification or shelving scheme
Koha item type Books
Copies
Permanent Location Date last seen Date acquired Not for loan Damaged status Price effective from Lost status Source of classification or shelving scheme Barcode Copy number Full call number Shelving location Withdrawn status Koha item type
RHEMA Bible Training College2010-04-142010-04-14  2010-04-14  100661BV 4315 .B4T4General Stacks Books